Galatasaray Squad 25/26 - Statistics

General Stats
  • This quiz has been taken 186 times
  • The average score is 17 of 27
Answer Stats
Hint Answer % Correct
45 Victor Osimhen
94%
9 Mauro Icardi
92%
1 Uğurcan Çakır
88%
53 Barış Alper Yılmaz
82%
42 Abdülkerim Bardakçı
80%
10 Leroy Sané
80%
6 Davinson Sánchez
77%
8 Gabriel Sara
77%
11 Yunus Akgün
77%
99 Mario Lemina
73%
17 Eren Elmalı
70%
34 Lucas Torreira
70%
20 İlkay Gündoğan
68%
7 Roland Sallai
64%
4 Ismail Jakobs
61%
19 Günay Güvenç
58%
23 Kaan Ayhan
57%
91 Arda Ünyay
55%
3 Metehan Baltacı
55%
90 Wilfried Singo
55%
88 Kazımcan Karataş
47%
18 Berkan Kutlu
44%
21 Ahmed Kutucu
42%
30 Yusuf Demir
40%
12 Batuhan Şen
27%
33 Gökdeniz Gürpüz
22%
70 Enes Emre Büyük
6%
No matching quizzes found
Score Distribution
Percent of People with Each Score
Percentile by Number Answered
Your Score History
You have not taken this quiz